Historias de mujeres artesanas de Gualaceo y su legado = Stories from artisan women of Gualaceo and their legacy /
Guardat en:
| Autor principal: | |
|---|---|
| Format: | Electrònic eBook |
| Idioma: | espanyol anglès |
| Publicat: |
Cuenca, Ecuador :
Universidad del Azuay, Casa Editora,
[2024]
|
| Col·lecció: | Homo (Universidad del Azuay, Casa Editora)
|
| Matèries: | |
| Accés en línia: | Digitalia Hispánica |
| Etiquetes: |
Afegir etiqueta
Sense etiquetes, Sigues el primer a etiquetar aquest registre!
|
MARC
| LEADER | 00000nam a2200000 i 4500 | ||
|---|---|---|---|
| 001 | DIGUAZUAY0258 | ||
| 003 | NyNyDIG | ||
| 007 | cr ||||||||||| | ||
| 008 | 260119s2024 ec ao o 000 0cspa d | ||
| 006 | m o d | ||
| 035 | |a (OCoLC)1500711088 | ||
| 040 | |a DGITA |b eng |e rda |e pn |c DGITA | ||
| 020 | |a 9789942645777 |q eBook | ||
| 020 | |z 9789942645760 | ||
| 041 | 1 | |a spa |a eng |h spa | |
| 043 | |a s-ec--- | ||
| 050 | 1 | 4 | |a HD6069.2.E2 ebook |
| 245 | 0 | 0 | |a Historias de mujeres artesanas de Gualaceo y su legado = |b Stories from artisan women of Gualaceo and their legacy / |c Mónica Martínez Sojos [and 9 others]. |
| 246 | 3 | 1 | |a Stories artisan women of Gualaceo and their legacy |
| 264 | 1 | |a Cuenca, Ecuador : |b Universidad del Azuay, Casa Editora, |c [2024] | |
| 300 | |a 1 online resource : |b illustrations, photographs. | ||
| 336 | |a text |b txt |2 rdacontent | ||
| 337 | |a computer |b c |2 rdamedia | ||
| 338 | |a online resource |b cr |2 rdacarrier | ||
| 347 | |a text file |2 rdaft | ||
| 347 | |b PDF | ||
| 490 | 1 | |a Homo | |
| 546 | |a Text in Spanish and English. | ||
| 588 | 0 | |a Online resource; title from PDF title page (Digitalia, viewed January 19, 2026) | |
| 650 | 0 | |a Women artisans |z Ecuador |z Gualaceo |v Biography. | |
| 650 | 0 | |a Textile crafts |z Ecuador |z Gualaceo. | |
| 700 | 1 | |a Martínez Sojos, Mónica, |e author. | |
| 791 | 2 | |a Digitalia (Firm), |e distributor. | |
| 793 | 0 | |g Digitalia eBook Collection: |a Universidad del Azuay | |
| 776 | 0 | 8 | |i Print version: |a Martínez Sojos, Mónica. |t Historias de mujeres artesanas de Gualaceo y su legado. |d Cuenca, Ecuador : Universidad del Azuay, Casa Editora, [2024] |z 9789942645760 |
| 830 | 0 | |a Homo (Universidad del Azuay, Casa Editora) | |
| 856 | 4 | 0 | |3 Digitalia Hispánica |u https://digitalia.unach.elogim.com/a/170486/ |
| 910 | |a Premium collection: 2026 | ||